[Event "Mittelfrank Regionalliga Sud-West 2223"]
[Site "Mittelfranken"]
[Date "2023.03.19"]
[Round "8.6"]
[White "Cuadrado, Guillermo"]
[Black "Lawrenz, Denny"]
[Result "1-0"]
[WhiteElo "2092"]
[BlackElo "1978"]
[PlyCount "93"]
[EventDate "2022.10.09"]
[EventType "team-tourn"]
[EventRounds "9"]
[EventCountry "GER"]
[SourceTitle "EXT 2024"]
[Source "ChessBase"]
[SourceDate "2023.10.10"]
[SourceVersion "1"]
[SourceVersionDate "2023.10.10"]
[SourceQuality "1"]
[WhiteTeam "Altstadt Roter Turm"]
[BlackTeam "Bayern Muenchen IV"]
[WhiteTeamCountry "GER"]
[BlackTeamCountry "GER"]

1. d4 Nf6 2. Bf4 d5 3. e3 c5 4. Nf3 Nc6 5. Nbd2 Qb6 6. dxc5 Qxc5 7. a3 Bg4 8. Be2 e6 9. c4 dxc4 10. Bxc4 Be7 11. Rc1 Qa5 12. h3 Bh5 13. Bh2 0-0 14. 0-0 Rfd8 15. Qb3 Rd7 16. Rfd1 a6 17. Bf1 Bxf3 18. Nxf3 Rad8 19. Rxd7 Rxd7 20. Rd1 Qd8 21. Rxd7 Qxd7 22. Ne5 Nxe5 23. Bxe5 Ne8 24. Qc2 Bf6 25. Bf4 g6 26. Be2 e5 27. Bg3 Ng7 28. Bg4 Ne6 29. Qb3 h5 30. Bxe6 fxe6 31. Qc2 Kf7 32. Qe4 Qd5 33. Qc2 Qd7 34. b3 b6 35. a4 b5 36. e4 g5 37. f3 bxa4 38. bxa4 Qd4+ 39. Bf2 Qa1+ 40. Kh2 Qf1 41. Be3 h4 42. Qc7+ Kg6 43. Qc6 Qd3 44. Qe8+ Kg7 45. Bc5 Qd8 46. Qxe6 a5 47. Bd6 1-0

[Event "Mittelfrank Regionalliga Sud-West 2223"]
[Site "Mittelfranken"]
[Date "2022.11.27"]
[Round "3.6"]
[White "Schmitz, Tim"]
[Black "Lawrenz, Denny"]
[Result "1/2-1/2"]
[WhiteElo "1885"]
[BlackElo "1978"]
[PlyCount "58"]
[EventDate "2022.10.09"]
[EventType "team-tourn"]
[EventRounds "9"]
[EventCountry "GER"]
[SourceTitle "EXT 2024"]
[Source "ChessBase"]
[SourceDate "2023.10.10"]
[SourceVersion "1"]
[SourceVersionDate "2023.10.10"]
[SourceQuality "1"]
[WhiteTeam "Sendling"]
[BlackTeam "Bayern Muenchen IV"]
[WhiteTeamCountry "GER"]
[BlackTeamCountry "GER"]

1. e4 c5 2. c3 e6 3. d4 d5 4. exd5 exd5 5. Nf3 Bd6 6. Bb5+ Nc6 7. 0-0 Nge7 8. Nbd2 0-0 9. dxc5 Bxc5 10. Nb3 Bb6 11. Re1 a6 12. Bd3 Ng6 13. Be3 Bxe3 14. Rxe3 Be6 15. Nbd4 Qf6 16. Qd2 Bd7 17. Rae1 Rfe8 18. Rxe8+ Rxe8 19. Rxe8+ Bxe8 20. Qe3 Nge5 21. Nxe5 Qxe5 22. Qxe5 Nxe5 23. Be2 Kf8 24. f4 Ng6 25. g3 Ne7 26. Bf3 Bc6 27. Kf2 Be8 28. Ke3 g6 29. g4 Bd7 1/2-1/2

[Event "Mittelfranken Landesliga Sued 2223"]
[Site "Mittelfranken"]
[Date "2022.10.09"]
[Round "1.7"]
[White "Lawrenz, Denny"]
[Black "Titz, Markus"]
[Result "1-0"]
[WhiteElo "1978"]
[BlackElo "1832"]
[PlyCount "69"]
[EventDate "2022.10.09"]
[EventType "team-tourn"]
[EventRounds "9"]
[EventCountry "GER"]
[SourceTitle "EXT 2024"]
[Source "ChessBase"]
[SourceDate "2023.10.10"]
[SourceVersion "1"]
[SourceVersionDate "2023.10.10"]
[SourceQuality "1"]
[WhiteTeam "Bayern Muenchen III"]
[BlackTeam "Muenchen Zugzwang II"]
[WhiteTeamCountry "GER"]
[BlackTeamCountry "GER"]

1. d4 Nf6 2. c4 e6 3. Nf3 c5 4. Nc3 cxd4 5. Nxd4 d5 6. e3 Nc6 7. a3 Be7 8. b4 e5 9. Nxc6 bxc6 10. cxd5 cxd5 11. Bb5+ Bd7 12. 0-0 0-0 13. Bb2 Bxb5 14. Nxb5 Qb6 15. Qe2 a6 16. Nc3 Rfe8 17. Rac1 a5 18. Na4 Qa7 19. b5 d4 20. exd4 exd4 21. Qd3 Rad8 22. Rc4 Rd5 23. Rxd4 Rxd4 24. Bxd4 Rd8 25. Bxa7 Rxd3 26. b6 Rxa3 27. b7 Nd7 28. Nb6 Rb3 29. Rc1 h6 30. Rc8+ Kh7 31. g3 Bd6 32. Rd8 Rxb6 33. Bxb6 Nxb6 34. Rxd6 Nc4 35. b8Q 1-0

[Event "Mittelfranken Landesliga Sued 2122"]
[Site "Mittelfranken"]
[Date "2022.05.29"]
[Round "9.6"]
[White "Bindl, Roland"]
[Black "Lawrenz, Denny"]
[Result "1-0"]
[WhiteElo "2067"]
[BlackElo "1951"]
[PlyCount "55"]
[EventDate "2021.10.24"]
[EventType "team-tourn"]
[EventRounds "9"]
[EventCountry "GER"]
[SourceTitle "EXT 2024"]
[Source "ChessBase"]
[SourceDate "2023.10.10"]
[SourceVersion "1"]
[SourceVersionDate "2023.10.10"]
[SourceQuality "1"]
[WhiteTeam "Haunstetten"]
[BlackTeam "Bayern Muenchen III"]
[WhiteTeamCountry "GER"]
[BlackTeamCountry "GER"]

1. d4 Nf6 2. c4 g6 3. h4 d5 4. cxd5 h5 5. Bg5 Qxd5 6. Nc3 Qa5 7. Qd2 Bg7 8. e4 Nbd7 9. Bd3 Nh7 10. Be3 c5 11. dxc5 Nxc5 12. Bxc5 Qxc5 13. Bb5+ Bd7 14. Qxd7+ Kf8 15. Nge2 Nf6 16. Qxb7 Rd8 17. 0-0 Ng4 18. Rad1 Be5 19. Rxd8+ Kg7 20. Rd3 g5 21. Qc6 Bh2+ 22. Kh1 Nxf2+ 23. Rxf2 Qxf2 24. Kxh2 Qxh4+ 25. Rh3 Qf2 26. Qd5 f6 27. Bc4 h4 28. Rf3 1-0

[Event "GER-chT Online Liga Playoffs"]
[Site "Playchess.com INT"]
[Date "2021.04.16"]
[Round "1.4"]
[White "Lawrenz, Denny"]
[Black "Koellner, Ruben Gideon"]
[Result "1/2-1/2"]
[WhiteElo "1972"]
[BlackElo "2412"]
[PlyCount "73"]
[EventDate "2021.04.15"]
[EventType "team-k.o. (rapid)"]
[EventRounds "3"]
[EventCountry "GER"]
[SourceTitle "CBM 201 Extra"]
[Source "ChessBase"]
[SourceDate "2021.05.31"]
[SourceVersion "1"]
[SourceVersionDate "2021.05.31"]
[SourceQuality "1"]
[WhiteTeam "Bayern Muenchen"]
[BlackTeam "Deizisau"]
[WhiteTeamCountry "GER"]
[BlackTeamCountry "GER"]

1. d4 d6 2. Nf3 Nf6 3. c4 g6 4. Nc3 Bf5 5. Nh4 Bd7 6. e4 e5 7. Nf3 Nc6 8. d5 Ne7 9. Bd3 Bg7 10. h3 c6 11. Be3 a6 12. Qb3 cxd5 13. cxd5 b5 14. 0-0 0-0 15. Rfc1 Rb8 16. a4 bxa4 17. Qa3 Bb5 18. Bc2 Qd7 19. Bxa4 Bxa4 20. Qxa4 Qxa4 21. Rxa4 Rxb2 22. Rxa6 Rd8 23. Nd2 Rb4 24. Rb1 Rxb1+ 25. Ncxb1 h6 26. Nc3 Ne8 27. Nb5 f5 28. f3 fxe4 29. fxe4 g5 30. Nc4 Bf8 31. Bd2 Ng6 32. g3 Nh8 33. Ba5 Rd7 34. Bb4 Rb7 35. Rb6 Rxb6 36. Nxb6 Nf7 37. Nc4 1/2-1/2

[Event "GER-chT Online Liga 1 GpD"]
[Site "Playchess.com INT"]
[Date "2021.02.08"]
[Round "3.4"]
[White "Lawrenz, Denny"]
[Black "Huo, Da"]
[Result "1-0"]
[WhiteElo "1972"]
[BlackElo "1918"]
[PlyCount "227"]
[EventDate "2021.01.18"]
[EventType "team-tourn (rapid)"]
[EventRounds "7"]
[EventCountry "GER"]
[SourceTitle "EXT 2022"]
[Source "ChessBase"]
[SourceDate "2021.10.06"]
[SourceVersion "1"]
[SourceVersionDate "2021.10.06"]
[SourceQuality "1"]
[WhiteTeam "Bayern Muenchen"]
[BlackTeam "Hamburger SK"]
[WhiteTeamCountry "GER"]
[BlackTeamCountry "GER"]

1. d4 Nf6 2. c4 e6 3. Nf3 b6 4. a3 Bb7 5. Nc3 d6 6. Bf4 Nbd7 7. e3 Ne4 8. Nxe4 Bxe4 9. Bd3 Bb7 10. 0-0 Be7 11. Bg3 0-0 12. Qc2 f5 13. b4 Nf6 14. d5 Ne4 15. Bxe4 fxe4 16. Qxe4 e5 17. Rac1 Bc8 18. c5 Bf5 19. Qc4 a5 20. cxb6 cxb6 21. Nxe5 b5 22. Qb3 dxe5 23. d6+ Kh8 24. dxe7 Qxe7 25. Rc5 Be6 26. Rxe5 Bxb3 27. Rxe7 axb4 28. axb4 Kg8 29. Rc1 Bc4 30. Rd1 Rfd8 31. Rxd8+ Rxd8 32. h3 Kf8 33. Ra7 Rd1+ 34. Kh2 Rd2 35. Be5 Rxf2 36. Bxg7+ Kg8 37. Bd4 Bd3 38. Kg3 Re2 39. h4 Re1 40. Kf4 Rf1+ 41. Kg5 Rf7 42. Ra2 Re7 43. g4 Kf7 44. Rd2 Bc4 45. Bc5 Re5+ 46. Kf4 Rd5 47. Rg2 Rd1 48. Kg5 Ke6 49. Kh6 Bd3 50. Rf2 Rg1 51. Rf4 Rg3 52. h5 Bc2 53. Rd4 Rg2 54. Kg5 Ke5 55. Bd6+ Ke6 56. Bf4 Rg1 57. Rd6+ Ke7 58. Rd5 Bd1 59. Kh6 Bxg4 60. Rxb5 Be2 61. Re5+ Kf6 62. Kxh7 Rb1 63. Rc5 Rxb4 64. Kg8 Bc4+ 65. Kf8 Ra4 66. Be5+ Kg5 67. Bf4+ Kf6 68. Be5+ Kg5 69. Bd6+ Kf6 70. Be7+ Ke6 71. h6 Ra8+ 72. Kg7 Bd3 73. Rc7 Ra1 74. h7 Rg1+ 75. Kh8 Rf1 76. Bc5 Rg1 77. Bf8 Rg6 78. Rg7 Kf5 79. Rf7+ Ke6 80. Rg7 Kf5 81. Rd7 Bc4 82. Rd4 Bb3 83. Rf4+ Ke6 84. Rb4 Ba2 85. Ra4 Bb3 86. Ra3 Bc2 87. Ra7 Rg2 88. Rg7 Re2 89. Bc5 Rd2 90. Bd4 Be4 91. Kg8 Ra2 92. Rg4 Bf5 93. Rg5 Ra8+ 94. Kg7 Bxh7 95. Kxh7 Rf8 96. Kg7 Rf1 97. Kg6 Rf3 98. e4 Rf4 99. Re5+ Kd6 100. Kg5 Rf1 101. Rd5+ Ke6 102. Re5+ Kd6 103. Ra5 Rd1 104. Ra6+ Kd7 105. Bf6 Rf1 106. e5 Rg1+ 107. Kf5 Rf1+ 108. Kg6 Re1 109. Kf7 Kc7 110. e6 Kb7 111. Ra2 Kc8 112. Rd2 Re4 113. e7 Kc7 114. e8Q 1-0

[Event "Hofheim Spring op-B 6th"]
[Site "Hofheim"]
[Date "2018.04.07"]
[Round "9"]
[White "Varma, Christopher"]
[Black "Lawrenz, Denny"]
[Result "0-1"]
[WhiteElo "1811"]
[BlackElo "1935"]
[PlyCount "116"]
[EventDate "2018.04.03"]
[EventType "swiss"]
[EventRounds "9"]
[EventCountry "GER"]
[SourceTitle "EXT 2020"]
[Source "ChessBase"]
[SourceDate "2019.10.17"]
[SourceVersion "1"]
[SourceVersionDate "2019.10.17"]
[SourceQuality "1"]

1. e4 c5 2. Nf3 e6 3. b3 d5 4. exd5 exd5 5. Bb5+ Nc6 6. 0-0 Qf6 7. Nc3 Be6 8. d4 a6 9. Bg5 Qg6 10. Bd3 Qh5 11. dxc5 Bxc5 12. Qd2 Nge7 13. Be2 h6 14. Bf4 Qf5 15. Bd3 Qf6 16. a3 Rd8 17. b4 Bd6 18. Bxd6 Rxd6 19. Na4 0-0 20. Rae1 Ng6 21. Bxg6 Qxg6 22. Qf4 Bc8 23. Nh4 Qf6 24. Qxf6 Rxf6 25. c3 b5 26. Nc5 d4 27. Nf3 dxc3 28. Ne4 Rf4 29. Nxc3 Bg4 30. Ne5 Nxe5 31. Rxe5 Rc4 32. Nd5 Rd8 33. Ne3 Rcd4 34. Nxg4 Rxg4 35. h3 Rc4 36. Rfe1 Rd3 37. Re8+ Kh7 38. R1e3 Rcc3 39. Rxd3 Rxd3 40. Re3 Rxe3 41. fxe3 Kg6 42. Kf2 Kf5 43. Kf3 h5 44. h4 Ke5 45. Ke2 Ke4 46. Kd2 f6 47. Ke2 g6 48. Kd2 g5 49. Ke2 gxh4 50. Kd2 f5 51. Ke2 f4 52. exf4 Kxf4 53. Kf2 Kg4 54. Kf1 Kg3 55. Kg1 h3 56. gxh3 Kxh3 57. Kh1 Kg3 58. Kg1 Kf3 0-1